000 01444nam1a22002651i 4500
001 rc\3504419
005 20260407123447.0
021 _aRU
_b72-19142
021 _aRU
_b72-19143
021 _aRU
_b72-19144
021 _aRU
_bРГ6414-72
035 _a(NLR Aleph) 007614651
090 _a5854682
_c5854682
100 _a20130115d1972 |||y0rusy50 ca
101 0 _arus
102 _aRU
105 _ay z |||||
200 1 _aБорьба с внезапными выбросами угля, породы и газа
_eVI Всесоюз. науч.-техн. совещание, г. Донецк
_eТезисы докладов...
_fМ-во угольной пром-сти СССР. М-во угольной пром-сти УССР. Центр. комис. по борьбе с внезапными выбросами угля и газа. Центр. правл. науч.-техн. горного о-ва. АН УССР. Укр. респ. и Донецкое территор. правл. Науч.-техн. горного о-ва
210 _aМосква
_cБ. и.
_d1972
215 _d21
712 0 2 _aЦентральная комиссия по борьбе с внезапными выбросами угля и газа и горными ударами в угольных шахтах
_cМосква
_3RU\NLR\AUTH\8810072784
_9647604
801 0 _aRU
_bNLR
_gpsbo
801 1 _aRU
_bELAR
_2rusmarc
852 _aNLR
_j72-4/7397
942 _cBOOK